[Event "HUN-chT2 Maroczy 0506"]
[Site "Hungary"]
[Date "2006.02.12"]
[Round "7"]
[White "Ligart, Tamas"]
[Black "Schubert, Gyula"]
[Result "0-1"]
[WhiteElo "2168"]
[BlackElo "2168"]
[PlyCount "100"]
[EventDate "2005.10.16"]
[EventType "team"]
[EventRounds "11"]
[EventCountry "HUN"]
[SourceTitle "EXT 2009"]
[Source "ChessBase"]
[SourceDate "2008.11.26"]
[SourceVersion "1"]
[SourceVersionDate "2008.11.26"]
[SourceQuality "1"]
[WhiteTeam "Edeleny"]
[BlackTeam "Dunaharaszti"]
[WhiteTeamCountry "HUN"]
[BlackTeamCountry "HUN"]

1. e4 d6 2. d4 Nf6 3. Bd3 g6 4. Nf3 Bg7 5. 0-0 0-0 6. Qe2 Bg4 7. Nbd2 Nc6 8. c3 e5 9. dxe5 Nxe5 10. Bc2 Re8 11. h3 Nxf3+ 12. Nxf3 Bf5 13. Qb5 Nxe4 14. Nd4 Bxd4 15. cxd4 Qc8 16. Qb3 c6 17. Bh6 d5 18. Rfe1 Qc7 19. g4 Bd7 20. Qf3 f5 21. Bxe4 dxe4 22. Qc3 fxg4 23. hxg4 Bxg4 24. d5 Qe5 25. Rxe4 Qxc3 26. Rxe8+ Rxe8 27. bxc3 cxd5 28. Kg2 Re2 29. Be3 a6 30. a4 Rb2 31. a5 Be2 32. Kg3 Kf7 33. Kf4 h5 34. Kg5 Bf3 35. Bd4 Rb3 36. Kf4 Be4 37. Kg5 Ke6 38. Kf4 Kd6 39. Kg5 Kc6 40. Kf4 Kb5 41. Kg5 Kc4 42. Kf4 Kd3 43. Kg5 Rxc3 44. Bxc3 Kxc3 45. Kf4 Bc2 46. Re1 d4 47. Re7 g5+ 48. Kf3 Ba4 49. Rc7+ Bc6+ 50. Ke2 Kc2 0-1

[Event "HUN-chT2 Maroczy 0506"]
[Site "Hungary"]
[Date "2006.01.22"]
[Round "6"]
[White "Schubert, Gyula"]
[Black "Dolanyi, Jozsef"]
[Result "1-0"]
[WhiteElo "2168"]
[BlackElo "2054"]
[PlyCount "129"]
[EventDate "2005.10.16"]
[EventType "team"]
[EventRounds "11"]
[EventCountry "HUN"]
[SourceTitle "EXT 2009"]
[Source "ChessBase"]
[SourceDate "2008.11.26"]
[SourceVersion "1"]
[SourceVersionDate "2008.11.26"]
[SourceQuality "1"]
[WhiteTeam "Dunaharaszti"]
[BlackTeam "Vizugy"]
[WhiteTeamCountry "HUN"]
[BlackTeamCountry "HUN"]

1. d4 d5 2. Nf3 c6 3. e3 Bg4 4. Be2 Nf6 5. Nbd2 e6 6. Ne5 Bxe2 7. Qxe2 Nbd7 8. f4 g6 9. 0-0 Be7 10. c3 0-0 11. g4 Ne8 12. e4 f6 13. Nd3 Ng7 14. exd5 cxd5 15. Nf3 Re8 16. Bd2 Bd6 17. Rae1 Rc8 18. Qd1 b5 19. a3 Nb6 20. Qb3 a6 21. h4 Qd7 22. Re2 Nc4 23. Bc1 a5 24. Rg2 a4 25. Qd1 e5 26. fxe5 fxe5 27. dxe5 Bxe5 28. Ndxe5 Nxe5 29. Nd4 Rf8 30. Bh6 Rxf1+ 31. Kxf1 Rf8+ 32. Kg1 Qf7 33. Qe2 Nf3+ 34. Nxf3 Qxf3 35. Bxg7 Kxg7 36. Qe5+ Kg8 37. h5 Qf1+ 38. Kh2 Qf4+ 39. Qxf4 Rxf4 40. Kg3 Rf6 41. hxg6 hxg6 42. Rd2 Rd6 43. Kf4 Kf7 44. Ke5 Ke7 45. Rxd5 Rb6 46. Kd4 Rd6 47. Rxd6 Kxd6 48. c4 bxc4 49. Kxc4 Ke5 50. b3 axb3 51. Kxb3 Kf4 52. g5 Kxg5 53. a4 Kf4 54. a5 g5 55. a6 g4 56. a7 Kg3 57. a8Q Kh2 58. Qh8+ Kg2 59. Qb2+ Kh3 60. Qf2 g3 61. Qg1 g2 62. Kc3 Kg3 63. Kd3 Kf3 64. Qe3+ Kg4 65. Ke2 1-0

[Event "HUN-chT2 Maroczy 0506"]
[Site "Hungary"]
[Date "2005.11.13"]
[Round "3"]
[White "Schubert, Gyula"]
[Black "Kis, Bela"]
[Result "1-0"]
[WhiteElo "2168"]
[BlackElo "2199"]
[PlyCount "53"]
[EventDate "2005.10.16"]
[EventType "team"]
[EventRounds "11"]
[EventCountry "HUN"]
[SourceTitle "EXT 2009"]
[Source "ChessBase"]
[SourceDate "2008.11.26"]
[SourceVersion "1"]
[SourceVersionDate "2008.11.26"]
[SourceQuality "1"]
[WhiteTeam "Dunaharaszti"]
[BlackTeam "Vasas"]
[WhiteTeamCountry "HUN"]
[BlackTeamCountry "HUN"]

1. d4 Nf6 2. Nf3 g6 3. e3 Bg7 4. Bd3 d5 5. Nbd2 0-0 6. b3 c5 7. 0-0 b6 8. Bb2 Bb7 9. c4 e6 10. Rc1 Nbd7 11. Qe2 Ne4 12. Rfd1 f5 13. Bb1 Rf7 14. Nf1 Bh6 15. dxc5 bxc5 16. Ne5 Nxe5 17. Bxe5 d4 18. f4 Rd7 19. exd4 cxd4 20. Bxe4 fxe4 21. Ng3 Qh4 22. Nxe4 Bxe4 23. Qxe4 Rf8 24. g3 Qd8 25. Rxd4 Rxd4 26. Bxd4 Rf7 27. c5 1-0

[Event "HUN-chT2 Maroczy 0506"]
[Site "Hungary"]
[Date "2005.10.30"]
[Round "2"]
[White "Heindrich, Janos"]
[Black "Schubert, Gyula"]
[Result "0-1"]
[WhiteElo "2127"]
[BlackElo "2168"]
[PlyCount "44"]
[EventDate "2005.10.16"]
[EventType "team"]
[EventRounds "11"]
[EventCountry "HUN"]
[SourceTitle "EXT 2009"]
[Source "ChessBase"]
[SourceDate "2008.11.26"]
[SourceVersion "1"]
[SourceVersionDate "2008.11.26"]
[SourceQuality "1"]
[WhiteTeam "Kazincbarcika"]
[BlackTeam "Dunaharaszti"]
[WhiteTeamCountry "HUN"]
[BlackTeamCountry "HUN"]

1. c4 e5 2. Nc3 Nc6 3. Nf3 g6 4. d4 exd4 5. Nxd4 Bg7 6. Nc2 Nge7 7. e4 0-0 8. Be2 d6 9. g4 f5 10. gxf5 gxf5 11. Bg5 Be6 12. exf5 Rxf5 13. h4 Qf8 14. Be3 Qf7 15. Ne4 Bxc4 16. Bg4 Rd5 17. Qc1 Nf5 18. Ng5 Qe7 19. Nb4 Nxe3 20. fxe3 Nxb4 21. Qxc4 Qxe3+ 22. Be2 Nd3+ 0-1

[Event "Zuzmara op"]
[Site "Aggtelek"]
[Date "2005.02.11"]
[Round "3"]
[White "Lorincz, Otto"]
[Black "Schubert, Gyula"]
[Result "0-1"]
[WhiteElo "2039"]
[BlackElo "2192"]
[PlyCount "100"]
[EventDate "2005.02.10"]
[EventType "swiss"]
[EventRounds "7"]
[EventCountry "HUN"]
[SourceTitle "EXT 2008"]
[Source "ChessBase"]
[SourceDate "2007.11.25"]
[SourceVersion "1"]
[SourceVersionDate "2007.11.25"]
[SourceQuality "1"]

1. e4 d6 2. d4 Nf6 3. Nc3 g6 4. h3 Bg7 5. Nf3 0-0 6. Be3 c6 7. Qd2 b5 8. a3 Nbd7 9. Bg5 Nb6 10. b3 Qc7 11. Rd1 Bb7 12. Bd3 a6 13. b4 e5 14. dxe5 dxe5 15. Be3 Nbd7 16. Be2 c5 17. Qd6 Qxd6 18. Rxd6 cxb4 19. axb4 Rfc8 20. Bd2 Bf8 21. Rd3 Rc7 22. Ng5 Bxb4 23. Nd5 Nxd5 24. exd5 Bf8 25. c3 Nc5 26. Re3 h6 27. Nf3 e4 28. Ne5 Bxd5 29. 0-0 Re8 30. Ng4 Bg7 31. f4 Nb3 32. Be1 f5 33. Ne5 Kh7 34. h4 Nc1 35. Bd1 Bxe5 36. fxe5 Nd3 37. Rxd3 exd3 38. Bd2 Rxe5 39. h5 g5 40. g3 Bc4 41. Kf2 a5 42. Be3 a4 43. Bd4 Re4 44. Bb6 Rc6 45. Ba5 a3 46. Bf3 Rce6 47. Ra1 a2 48. Bb4 Re2+ 49. Bxe2 Rxe2+ 50. Kf1 d2 0-1

[Event "Zuzmara op"]
[Site "Aggtelek"]
[Date "2005.02.11"]
[Round "2"]
[White "Schubert, Gyula"]
[Black "Bogdan, Dan"]
[Result "0-1"]
[WhiteElo "2192"]
[BlackElo "2478"]
[PlyCount "56"]
[EventDate "2005.02.10"]
[EventType "swiss"]
[EventRounds "7"]
[EventCountry "HUN"]
[SourceTitle "EXT 2008"]
[Source "ChessBase"]
[SourceDate "2007.11.25"]
[SourceVersion "1"]
[SourceVersionDate "2007.11.25"]
[SourceQuality "1"]

1. e4 c6 2. d3 d5 3. Nd2 g6 4. g3 Bg7 5. Bg2 e5 6. Ngf3 Ne7 7. 0-0 0-0 8. Re1 d4 9. a4 c5 10. Nc4 Nbc6 11. Bd2 h6 12. h3 Be6 13. Qe2 Qd7 14. Kh2 b6 15. b3 Kh7 16. Nh4 Rae8 17. f4 exf4 18. gxf4 f5 19. Nf3 fxe4 20. Qxe4 Bd5 21. Qe2 Nf5 22. Nce5 Nxe5 23. Nxe5 Bxe5 24. fxe5 Nh4 25. Bh1 Bxh1 26. e6 Qd5 27. e7 Rf7 28. Rxh1 Rexe7 0-1